Football: Top 10 de Ligue 1 de 2010 à 2019 - Statistiques

Statistiques générales
  • Ce quiz a été pris 72 490 fois
  • Le résultat moyen est 16 sur 23
Statistiques - réponses
Club % Correct
Paris Saint-Germain
100%
Olympique de Marseille
99%
Olympique lyonnais
98%
Lille OSC
97%
AS Monaco
96%
Girondins de Bordeaux
92%
AS Saint-Étienne
91%
Stade rennais
91%
FC Nantes
89%
OGC Nice
89%
Montpellier HSC
88%
Toulouse FC
82%
Stade de Reims
68%
FC Lorient
63%
AJ Auxerre
62%
Angers SCO
58%
FC Sochaux-Montbéliard
47%
SC Bastia
46%
SM Caen
43%
EA Guingamp
42%
Nîmes Olympique
42%
Évian Thonon Gaillard FC
32%
Valenciennes FC
25%
Aucun quiz correspondant
Distribution des résultats
% des personnes avec chaque résultat
Percentile par nombre de réponses
Votre historique - résultats
Vous n’avez pas pris ce quiz